| 000 | 01167nam a2200253Ia 4500 | ||
|---|---|---|---|
| 999 |
_c40498 _d40498 |
||
| 001 | 7109 | ||
| 003 | GE_BSU | ||
| 005 | 20230926125620.0 | ||
| 008 | 181216s2011||||ge |||||||||||||| ||geo|| | ||
| 020 | _a9789941194252 | ||
| 040 | _cGE_BSU | ||
| 041 | _ageo | ||
| 080 | _a821.353.1+821.353.1-32 რ-98 | ||
| 100 |
_aრჩეულიშვილი, გურამ _919923 |
||
| 245 |
_aმოთხრობები : 1957 წელი ტ. 2 : _bპროზა / _cგურამ რჩეულიშვილი ; შემდგ. მარინე რჩეულიშვილი ; სარედ. ჯგ. : ზურაბ აბაშიძე, მანანა ჯანელიძე, ირმა ხარშილაძე. |
||
| 264 |
_aთბილისი : _bპალიტრა L, _c2011. |
||
| 300 |
_a368 გვ. ; _c20 სმ. |
||
| 490 |
_aჩემი რჩეული _vტ. 33 _xISSN : 2233-3037 |
||
| 541 | _h8ლ. | ||
| 653 | _aმოთხრობები | ||
| 653 | _aპროზა | ||
| 700 |
_aრჩეულიშვილი, მარინე _eშემდგენელი _919925 |
||
| 942 |
_cBK _2udc |
||